Lịch sử tư tưởng Việt Nam (Văn tuyển); T2: Tư tưởng Việt Nam thời kỳ Trần Hồ

Na minha lista:
Detalhes bibliográficos
Autores corporativos: Viện Triết học (Việt Nam), Trung tâm khoa học xã hội và nhân văn quốc gia
Formato: Livro
Idioma:Undetermined
Publicado em: Hà Nội CTQG 2004
Assuntos:
Tags: Adicionar Tag
Sem tags, seja o primeiro a adicionar uma tag!
Thư viện lưu trữ: Trung tâm Học liệu Trường Đại học Cần Thơ
LEADER 00701nam a2200205Ia 4500
001 CTU_62554
008 210402s9999 xx 000 0 und d
020 |b 51000 
082 |a 959.703 
082 |b L302 
110 |a Viện Triết học (Việt Nam) 
110 |b Trung tâm khoa học xã hội và nhân văn quốc gia 
245 0 |a Lịch sử tư tưởng Việt Nam (Văn tuyển); T2: Tư tưởng Việt Nam thời kỳ Trần Hồ 
260 |a Hà Nội 
260 |b CTQG 
260 |c 2004 
650 |a literature and history 
650 |z vietnam 
904 |i Trúc Phương 
980 |a Trung tâm Học liệu Trường Đại học Cần Thơ